000 00475nam a2200181Ia 4500
005 20250326125756.0
008 250326s9999 xx 000 0 und d
037 _aTextbook
040 _aFMSL
_beng
_cFMSL
041 _aeng
_2eng
084 _aB N7
_qFMSL
100 _aFine M J
_9739667
245 0 _aInterducation to modern mathematics
_cFine M J
260 _aLondon
_bLondon, G A
_c1967
300 _a509p
942 _cTB
_hB N7
999 _c1279515
_d1279515